000 00589nam a2200193Ia 4500
003 GCL
008 140319s9999 xx 000 0 ara d
040 _aGCL /
_cGCL
082 0 4 _a155.4
_bم ا
100 1 _aموزة المالكى
245 1 0 _aاطفال بلا مشاكل زهور بلااشواك /
_cموزة المالكى
300 _a184 ص
490 _aالهيئة العامة للاستعلامات
_v0
650 0 4 _aالاطفال
650 0 4 _aعلم النفس
650 0 4 _aالاطفال - علم نفس
650 0 4 _aمشاكل الاطفال
942 _2ddc
_cBK
999 _c49364
_d49364